000 00800nam a2200193Ii 4500
003 JO-AjNU
008 230605s9999||||xx |||||||||||||| ||und||
040 _aJO-AjNU
_bara
_erda
_cJO-AjNU
041 _aara
050 1 4 _aHM35 .S3 1981
100 3 _aتأليف السمالوطي، نبيل ؛ تقديم محمد عاطف غيث,
_eauthor
_952765
245 0 0 _aعلم اجتماع التنمية: دراسة في اجتماعيات العالم الثالث
264 3 1 _aبيروت : دار النهضة العربية، 1981
300 _a435ص
_bيحتوي على ببلوغرافية من 409-435ص
336 _atext
_btxt
_2rdacontent
337 _aunmediated
_bn
_2rdamedia
338 _avolume
_bnc
_2rdacarrier
650 4 _aالدول النامية - سياسة اجتماعية 
_952766
999 _aA23393
_c26961
_d26961